000 01136ny a22002413n 4500
005 20240305165312.0
008 080702s2006 sp s 000 0 spa c
020 _a9279025619
035 _a2108
040 _aUMA.RE
_dvLex
080 _a502(4-672UE)(0.034)
080 _a574.472(4-672UE)(0.034)
090 _c108
_d108
245 0 0 _aNature and biodiversity cases
_h[Recurso electrónico]
_bRuling of the European Court of Justice
256 _aServicio en línea
260 _a[Luxemburgo] :
_bEuropean Union Publications Office,
_c2006
506 1 _aContenido solo disponible en los productos indicados
_dvLex Global
_dvLex Global (Academic Edition, excluding Law Schools)
_dvLex Global (U.S. Academic Edition, Law Schools)
_dvLex Global (U.S. Academic Edition, excluding Law Schools)
_dvLex Global (Academic Edition, Law Schools)
650 0 4 _aBiodiversidad
_zPaíses de la Unión Europea
710 1 _aUnión Europea.
_bOficina de Publicaciones Oficiales
740 0 _avLex Libros (Servicios en línea)
856 4 0 _uhttps://app.vlex.com/#/sources/nature-biodiversity-cases-ruling-european-court-justice-2108
942 _cRAA
999 _c158646
_d158646